Statistics for Baltic cities

Click here to take the quiz!

General Stats

  • This quiz has been taken 25 times
    (7 since last reset)
  • The average score is 16 of 36

Answer Stats

HintAnswer% Correct
432Bratislava
100%
1,313Prague
100%
630Riga
100%
435Tallinn
100%
377Brno
83%
290Kaunas
83%
96Tartu
83%
580Vilnius
83%
1,793Warsaw
83%
470Gdańsk
67%
780Kraków
67%
55Narva
67%
50Pärnu
67%
82Daugavpils
50%
240Košice
50%
677Łódź
50%
49Jūrmala
33%
643Wrocław
33%
50Alytus
17%
80Banská Bystrica
17%
55Jelgava
17%
150Klaipėda
17%
33Kohtla-Järve
17%
100Liberec
17%
68Liepāja
17%
80Nitra
17%
100Olomouc
17%
294Ostrava
17%
85Panevėžys
17%
170Plzeň
17%
533Poznań
17%
90Prešov
17%
27Rēzekne
17%
100Šiauliai
17%
17Viljandi
17%
80Žilina
17%

Score Distribution

Percentile by Number Answered

Percent of People with Each Score

Your Score History

You have not taken this quiz since the last reset